| 000 | 00480nam a2200181Ia 4500 | ||
|---|---|---|---|
| 001 | 22810 | ||
| 005 | 20260414150855.0 | ||
| 008 | 260414t2010||||xx |||||||||||||| ||spa|| | ||
| 041 | _aESP | ||
| 082 |
_a624.10299 _bE399 |
||
| 100 |
_aEyzaguirre Acosta, Carlos _eAUT |
||
| 245 | 0 |
_aCostos y presupuestos para edificaciones con Excel 2010-S10-Project 2010 _b |
|
| 260 | _c2010 | ||
| 300 |
_a383 páginas : _c25 cm. |
||
| 650 | _a0 | ||
| 654 | _aCIC | ||
| 942 |
_cLIB _dJUS _fJUS _2ddc _n |
||
| 999 |
_c22810 _d22810 |
||